Conditions of public school plants, 1964-65, (Record no. 34559)

MARC details
000 -LEADER
fixed length control field 01211cam a22002651 4500
001 - CONTROL NUMBER
control field hew65000115
003 - CONTROL NUMBER IDENTIFIER
control field DLC
005 - DATE AND TIME OF LATEST TRANSACTION
control field 20260227111514.0
008 - FIXED-LENGTH DATA ELEMENTS--GENERAL INFORMATION
fixed length control field 781205s1965 dcu f000 0 eng c
010 ## - LIBRARY OF CONGRESS CONTROL NUMBER
LC control number hew65000115
035 ## - SYSTEM CONTROL NUMBER
System control number (OCoLC)4421375
040 ## - CATALOGING SOURCE
Original cataloging agency U.S. Dept. of Health, Education, and Welfare. Library
Transcribing agency ODaU
Modifying agency DLC
042 ## - AUTHENTICATION CODE
Authentication code premarc
050 00 - LIBRARY OF CONGRESS CALL NUMBER
Classification number L111
Item number .A614 no. 50
051 ## - LIBRARY OF CONGRESS COPY, ISSUE, OFFPRINT STATEMENT
Classification number LB3218.A1
Item number C59
100 1# - MAIN ENTRY--PERSONAL NAME
Personal name Collins, George J.
245 10 - TITLE STATEMENT
Title Conditions of public school plants, 1964-65,
Statement of responsibility, etc. by George J. Collins and William L. Stormer.
260 ## - PUBLICATION, DISTRIBUTION, ETC.
Place of publication, distribution, etc. [Washington,
Name of publisher, distributor, etc. U.S. Dept. of Health, Education, and Welfare, Office of Education;
-- [for sale by the Superintendent of Documents, U.S. Govt. Print. Off.,
Date of publication, distribution, etc. 1965]
300 ## - PHYSICAL DESCRIPTION
Extent vi, 38 p.
Dimensions 29 cm.
410 10 - SERIES STATEMENT/ADDED ENTRY--CORPORATE NAME [OBSOLETE, CAN/MARC], [LOCAL, USA]
Corporate name or jurisdiction name as entry element United States.
Subordinate unit Office of Education.
Title of a work Misc[ellaneous]
Volume number/sequential designation no. 50
500 ## - GENERAL NOTE
General note "OE-21033."
501 ## - WITH NOTE
With note L111.A614 with: State programs for public school support / Albert R. Munse. Washington : U.S. Dept. of Health, Education, and Welfare, Office of Education, 1965. Bound together subsequent to publication.
Institution to which field applies DLC
650 #0 - SUBJECT ADDED ENTRY--TOPICAL TERM
Topical term or geographic name entry element School buildings
Geographic subdivision United States
General subdivision Statistics
700 1# - ADDED ENTRY--PERSONAL NAME
Personal name Stormer, William Lee,
Dates associated with a name 1929-
Relator term joint author.

No items available.

Powered by Koha